Countries Closest to Costa Rica - Sudden Death - Statistics

General Stats
  • This quiz has been taken 13 times
  • The average score is 9 of 15
Answers on the Grid
Answers color-coded by a green-red scale on the quiz's grid according to % correct below.
Nicaragua
Panama
Honduras
Colombia
El Salvador
Guatemala
Belize
Ecuador
Mexico
Jamaica
Venezuela
Cuba
Peru
Haiti
Dominican Republic
United States
Canada
Bahamas
Brazil
Argentina
Bolivia
Uruguay
Paraguay
Chile
Kiribati
Solomon Islands
New Zealand
Mauritania
Saint Lucia
Barbados
 
Answer Stats
Answer % Correct
Honduras
100%
Belize
75%
El Salvador
75%
Guatemala
75%
Haiti
75%
Jamaica
75%
Mexico
75%
Nicaragua
75%
Panama
75%
Colombia
50%
Cuba
50%
Ecuador
50%
Dominican Republic
25%
Venezuela
25%
Peru
0%
No matching quizzes found
Score Distribution
Percent of People with Each Score
Percentile by Number Answered
Your Score History
You have not taken this quiz